000 00615nam a22001937a 4500
005 20180423113258.0
010 _aENG-122650
020 _c1795.00
_a9788181523914
035 _aEN-106182
037 _bDBAD/PUB
082 _a632.3
100 _aSharma,Sanjay Kumar
245 _aPlant diseases /
_cby Sanjay Kumar Sharma
260 _c2016
_aJaipur
_bBook Enclave
270 _aF-11,S.S.Tower,Dhamani Street,Chaura Rasta,
_bJaipur
_e302003
_k011-23119000,9414443132
_mbookenclave@yahoo.com
300 _c22cm(Hb)
_a289P.
_bill.
500 _aIt includes index
942 _cEN
_2ddc
_mSHA
_h632.3
999 _c151660
_d151660